Power performence and ethics : key articles from Director Britain's leading boardroom magazine

Bibliographic Details
Other Authors: Rock, Stuart (edited by)
Format: Book
Published: Oxfordd : Butterworth-Heinemann , 1991
Subjects:

MARC

LEADER 00000cam a2200000 7i4500
001 0000001023
002 000001132
005 20000330.0
020 |a 0750601043 
090 0 0 |a 658.001   |b POW 
245 0 0 |a Power performence and ethics :   |b key articles from Director Britain's leading boardroom magazine   |c edited by Stuart Rock and Carol Kennedy 
260 |a Oxfordd :   |b Butterworth-Heinemann ,   |c 1991 
300 |a 330p ;   |c 23cm. 
650 0 0 |a Leadership 
650 0 0 |a Management 
700 0 |a Rock, Stuart ,   |e edited by 
999 |a 030213   |b BUKU   |c PINJAMAN   |e PERPUSTAKAAN KOMUNITI PETALING JAYA